00915nam a22002655i 450000100060000000300090000600500170001500700030003200800410003502000180007604000220009408000210011610000280013724501000016525000120026526000390027730000210031649000330033750000290037070000370039983000410043685200330047799900170051095201220052718566ES-MaACL20230906151852.0t|011015s1994 sp ||||0| spa j a84-297-3703-0 aM-BN bspa cM-BN a821.162.3-31"19"1 aHrabal, Bohumil.96445114aLas desventuras del viejo Werther / cBohumil Hrabal ; traducción de María García Barris. a1ª ed. aBarcelona : bPenínsula, c1994. a110 p ; c20 cm.1 aPenínsula/narrativa ; v53 aTraducido del francés.1 aGarcía Barris, María.9542330 aPenínsula/narrativa ; v539181379 aES-MaACLjL-25130 bR.130400 c18566d18566 00104070aATENEOMbATENEOMcDEPO2d2008-01-17eSCl0oL-25130p1018999r2023-02-23 00:00:00w2023-02-23yMONOGRAFIA